Estatísticas para Os 15 principais países afetados pela Covid-19 - 22 maio 2021

Clique aqui para jogar o quiz

Estatísticas Gerais

  • Esse quiz foi jogado 9 vezes
  • A pontuação média é 19 de 28

Estatísticas das Respostas

total
casos
aumento
diário
número por
milhão
país% Correto
3 653 0196419Alemanha
100%
3 514 68332 171Argentina
100%
16 047 43971 283Brasil
100%
3 636 4534792Espanha
100%
33 882 33319 639101 832Estados Unidos
100%
26 528 846243 777Índia
100%
4 188 1904717Itália
100%
2 392 7442604México
100%
4 992 5548709Rússia
100%
89 786Bélgica
83%
5 593 962
12 61185 532França
83%
4 460 4462694Reino Unido
83%
104 216Suécia
83%
154 527Chéquia
67%
3 210 78718 737Colômbia
67%
89 997Israel
67%
2 864 5461517Polônia
67%
5 178 6488697Turquia
67%
120 975Eslovénia
50%
83 174Hungria
50%
2 823 8878005Irão
50%
85 435Panamá
50%
86 643Croácia
33%
84 583Geórgia
33%
94 522Países Baixos
33%
122 528Bahrein
17%
96 803Estônia
17%
100 578Lituânia
17%

Distribuição das Pontuações

Percentil de Números Respondidos

Porcentagem de Pessoas com Cada Pontuação

Sua Pontuação Histórica

Você não jogou esse quiz